[Event "AUTO-INT-3637"]
[Site "http://www.queenalice.com/game.php?id=1642672"]
[Date "2021.2.5"]
[Round "1"]
[White "ungern"]
[Black "nuage"]
[Result "0-1"]
[WhiteElo "1396"]
[BlackElo "1517"]

1. e4 e5 2. Nf3 Nc6 3. Nc3 Nf6 4. d3 Bb4 5. Bd2 O-O 6. Be2 d6 7. O-O h6 8. a3
Bxc3 9. Bxc3 Nh5 10. Nd2 Nf4 11. b4 Ne7 12. Bh5 d5 13. Bxe5 Ne6 14. Qg4 Ng5 15.
Qg3 Nc6 16. Bb2 d4 17. f4 Ne6 18. f5 Ng5 19. Nf3 f6 20. Nxg5 fxg5 21. c3 b6 22.
cxd4 Nxd4 23. Bxd4 Qxd4+ 24. Kh1 Ba6 25. Rfd1 Rad8 26. Be2 Rf6 27. Rac1 c5 28.
bxc5 bxc5 29. Qc7 Rc8 30. Qxa7 Qf2 31. Bg4 Bb5 32. Qb7 Rff8 0-1

[Event "AUTO-INT-3637"]
[Site "http://www.queenalice.com/game.php?id=1642673"]
[Date "2021.2.5"]
[Round "1"]
[White "nuage"]
[Black "ungern"]
[Result "1-0"]
[WhiteElo "1505"]
[BlackElo "1408"]

1. Nf3 d5 2. d3 Nc6 3. g3 e5 4. Bg2 Bd6 5. O-O d4 6. Nbd2 Nf6 7. Nc4 O-O 8. Bg5
h6 9. Bxf6 Qxf6 10. Nh4 b5 11. Bxc6 Rb8 12. Na5 Bb4 13. Nb3 Qxc6 14. a3 Be7 15.
Rc1 Bb7 16. f3 Bxh4 17. gxh4 Qf6 18. Nc5 Bc6 19. b4 Qxh4 20. c3 Rfd8 21. Na6 Rb7
22. c4 bxc4 23. Rxc4 Bb5 24. Nc5 Rb6 25. Rc2 Qg5+ 26. Kh1 Bd7 27. Rg1 Qf6 28.
Ne4 Qf4 29. Rxc7 a6 30. Qf1 f5 31. Ng3 e4 32. Rc1 1-0

[Event "AUTO-INT-3637"]
[Site "http://www.queenalice.com/game.php?id=1642688"]
[Date "2021.2.5"]
[Round "1"]
[White "nuage"]
[Black "mennecy91"]
[Result "0-1"]
[WhiteElo "1532"]
[BlackElo "1769"]

1. Nf3 d5 2. d3 Nf6 3. g3 Bg4 4. Ne5 Bh5 5. Bg2 e6 6. Bg5 Bd6 7. Nf3 Nbd7 8. O-O
O-O 9. Nbd2 c6 10. c4 Rc8 11. Nd4 h6 12. Bxf6 Nxf6 13. N4b3 b6 14. Nd4 Bc5 15.
N4b3 Nd7 16. d4 Bd6 17. Nc1 Qf6 18. Ncb3 Rfe8 19. f3 Bg6 20. Rc1 Bh7 21. e4 Qg5
22. f4 Qd8 23. e5 Bb4 24. Nf3 b5 25. cxb5 cxb5 26. a3 Bf8 27. Na5 Qxa5 28. Nd2
Qb6 29. b4 Qxd4+ 30. Kh1 Nb6 31. Nf3 Qxd1 32. Rcxd1 Nc4 33. Ra1 Ne3 34. Rf2 Nxg2
35. Kxg2 Be4 36. Kg1 Bxf3 37. Rxf3 Rc2 38. a4 a6 39. axb5 axb5 40. Ra5 Rb8 41.
f5 Bxb4 42. Ra7 Bc5+ 43. Kf1 Bxa7 44. h4 Rbc8 45. Ke1 Rc1+ 46. Kd2 R8c2+ 47. Kd3
Rc3+ 48. Ke2 Rxf3 49. Kxf3 exf5 0-1

[Event "AUTO-INT-3637"]
[Site "http://www.queenalice.com/game.php?id=1642689"]
[Date "2021.2.5"]
[Round "1"]
[White "mennecy91"]
[Black "nuage"]
[Result "1-0"]
[WhiteElo "1740"]
[BlackElo "1541"]

1. d4 Nf6 2. Nf3 g6 3. Bg5 Bg7 4. Nbd2 O-O 5. e3 Nc6 6. c3 Nd5 7. Bd3 f6 8. Bh4
g5 9. Bg3 d6 10. Qc2 Bg4 11. Bxh7+ Kh8 12. O-O-O b5 13. Be4 e6 14. h3 Bxh3 15.
Rxh3+ Kg8 16. Rdh1 Kf7 17. Rh7 g4 18. Ne1 f5 19. Bxd5 exd5 20. Qxf5+ Qf6 21.
Qxf6+ Kxf6 22. Bf4 Ne7 23. Nd3 Nf5 24. e4 Ne7 25. e5+ dxe5 26. Bxe5+ Kf7 27.
Rxg7+ Ke6 28. Nc5+ Kf5 29. Rh5# 1-0

[Event "AUTO-INT-3637"]
[Site "http://www.queenalice.com/game.php?id=1642691"]
[Date "2021.2.5"]
[Round "1"]
[White "krystian"]
[Black "nuage"]
[Result "0-1"]
[WhiteElo "1458"]
[BlackElo "1575"]

1. d4 e6 2. c4 Nf6 3. Nf3 Bb4+ 4. Nbd2 Ne4 5. a3 Bxd2+ 6. Bxd2 O-O 7. Bf4 f5 8.
e3 Nc6 9. Bd3 b6 10. Nd2 Nf6 0-1

[Event "AUTO-INT-3649"]
[Site "http://www.queenalice.com/game.php?id=1646227"]
[Date "2021.3.10"]
[Round "1"]
[White "cavaliernoir"]
[Black "nuage"]
[Result "1-0"]
[WhiteElo "1466"]
[BlackElo "1561"]

1. e4 e6 2. d4 Qh4 3. Nf3 Qxe4+ 4. Be3 Nf6 5. h3 Nd5 6. Bd3 Nxe3 7. Bxe4 Nxd1 8.
Kxd1 d5 9. Bd3 Nc6 10. c3 f5 11. Nbd2 Bd6 12. Kc2 O-O 13. Rae1 Ne7 14. Ng5 Bf4
15. Nxe6 Bxe6 16. Rxe6 Nc6 17. Re2 g5 18. g3 Bxd2 19. Kxd2 Na5 20. Rhe1 f4 21.
g4 f3 22. Re5 c6 23. Rxg5+ Kh8 24. Rh5 Kg7 25. Rxh7+ Kf6 26. Re3 Kg5 27. Re5+
Kf4 28. Rf5+ Rxf5 29. gxf5 Rf8 30. Rh4+ Kg5 31. Rg4+ Kh5 32. Rf4 b5 33. Rxf3 Kh4
34. f6 Nb7 35. f7 Nd8 36. Bg6 Ne6 37. Rf6 Ng5 38. Rxc6 Nxf7 39. Bxf7 Rxf7 40.
Ke3 Kxh3 41. Rc5 Kg2 42. f4 Re7+ 43. Kd2 Kf2 44. Kc2 Re2+ 45. Kb3 Re3 46. Rxb5
Re4 47. Rxd5 Rxf4 48. Ra5 Rf7 49. d5 Rb7+ 50. Ka3 Ke2 51. d6 Kd2 52. Rd5+ Kc2
53. d7 Rxb2 54. d8=Q 1-0

[Event "AUTO-INT-3649"]
[Site "http://www.queenalice.com/game.php?id=1646228"]
[Date "2021.3.10"]
[Round "1"]
[White "nuage"]
[Black "cavaliernoir"]
[Result "0-1"]
[WhiteElo "1533"]
[BlackElo "1486"]

1. Nf3 d6 2. d3 e5 3. g3 Nf6 4. Bg5 h6 5. Bxf6 Qxf6 6. Nc3 c6 7. Ne4 Qe6 8. Bg2
d5 9. Nc3 d4 10. Ne4 c5 11. O-O b6 12. c3 Bb7 13. Qa4+ Bc6 14. Qc4 Qxc4 15. dxc4
Bxe4 16. Nxe5 Bxg2 17. Kxg2 Bd6 18. Nf3 dxc3 19. bxc3 Nd7 20. Rfd1 Be7 21. Rd5
Nf6 22. Rd3 O-O 23. Ne5 Rfc8 24. Rad1 Rc7 25. f4 a5 26. a4 Kf8 27. h4 Ke8 28. g4
Rd8 29. g5 hxg5 30. fxg5 Nh5 31. g6 Nf4+ 32. Kf3 Nxd3 33. gxf7+ Kf8 34. exd3 Bd6
35. Ng6+ Kxf7 36. Nf4 Be5 37. Nd5 Rc6 38. Re1 Bf6 39. h5 Rd7 40. Rh1 Kg8 41. Rg1
Kh8 42. Rg6 Rdd6 43. Kf4 Kh7 44. Kf5 Bd8 45. Nf4 Rxg6 46. Nxg6 Kh6 47. Ne5 Rf6+
48. Kg4 Bc7 49. Nd7 Rd6 50. Ne5 Rf6 51. Nd7 Rf1 52. d4 Rd1 53. d5 Rc1 54. d6
Bxd6 55. Nxb6 Bc7 56. Nd5 Be5 57. Ne3 Rxc3 58. Nf5+ Kh7 59. Kg5 Rxc4 0-1

[Event "AUTO-INT-3649"]
[Site "http://www.queenalice.com/game.php?id=1646255"]
[Date "2021.3.10"]
[Round "1"]
[White "nuage"]
[Black "Prosperidade"]
[Result "0-1"]
[WhiteElo "1472"]
[BlackElo "1707"]

1. Nf3 d5 2. d3 c5 3. g3 Nf6 4. Bg2 Nc6 5. O-O e5 6. Bg5 Be7 7. Nbd2 h6 8. Bxf6
Bxf6 9. Rb1 O-O 10. c4 d4 11. Ne4 b6 12. Nh4 Bxh4 13. gxh4 Qxh4 14. f3 Ne7 15.
Qa4 Ng6 16. Rf2 Nf4 17. Qc6 Bh3 18. Nd6 Bxg2 19. Qe4 Qg5 20. Qf5 Nh3+ 21. Qxh3
Bxh3+ 22. Kh1 Qg6 23. Nb5 Qc6 24. a4 a6 25. Na3 Rab8 26. Nc2 Qf6 27. Rg1 Qf4 28.
b4 Qd2 29. Ne1 Qxb4 30. Ng2 Bxg2+ 31. Rfxg2 g6 32. f4 exf4 33. Rg4 Qd2 34. R1g2
Rbe8 35. Rh4 Qe1+ 36. Rg1 Qxe2 37. Rxh6 Kg7 38. Rh4 Qxd3 39. Rxf4 Qxc4 0-1

[Event "AUTO-INT-3649"]
[Site "http://www.queenalice.com/game.php?id=1646256"]
[Date "2021.3.10"]
[Round "1"]
[White "Prosperidade"]
[Black "nuage"]
[Result "1-0"]
[WhiteElo "1642"]
[BlackElo "1482"]

1. Nf3 d5 2. d4 Nc6 3. c4 dxc4 4. Nc3 Nf6 5. e4 Bg4 6. Be3 e6 7. a3 Be7 8. Be2
a6 9. O-O O-O 10. h3 Bxf3 11. Bxf3 b5 12. e5 Qd7 13. Rc1 b4 14. axb4 Nxb4 15.
Bxa8 Rxa8 16. exf6 Bxf6 17. Ne4 Qd5 18. Nxf6+ gxf6 19. Qg4+ Kf8 20. Bh6+ Ke7 21.
Bd2 Nd3 22. Rb1 f5 23. Qf3 Qxf3 24. gxf3 Rg8+ 25. Kh2 e5 26. dxe5 Nxe5 27. Rfe1
Kf6 28. Bc3 Re8 29. Bxe5+ Kg5 30. Bf6+ Kxf6 31. Rxe8 c5 32. Rc8 1-0

[Event "Challenge"]
[Site "http://www.queenalice.com/game.php?id=1647882"]
[Date "2021.3.26"]
[Round "-"]
[White "nuage"]
[Black "cavaliernoir"]
[Result "1-0"]
[WhiteElo "1515"]
[BlackElo "1533"]

1. Nf3 d5 2. d3 Nf6 3. g3 e6 4. Bg2 Bd6 5. O-O O-O 6. Bg5 Nbd7 7. Nbd2 c5 8. c4
d4 9. Ne4 Bc7 10. Qd2 Ba5 11. Qf4 e5 12. Nxe5 Bc7 13. Rab1 a6 14. Nxf6+ Nxf6 15.
Bd5 Bxe5 16. Qxe5 h6 17. Bh4 b5 18. Bxa8 Be6 19. Bf3 Qc8 20. Bxf6 gxf6 21. Qxf6
Bh3 22. Rfe1 Kh7 23. Be4+ Kg8 24. Qxh6 Be6 25. Qh7# 1-0

[Event "AUTO-INT-3654"]
[Site "http://www.queenalice.com/game.php?id=1648043"]
[Date "2021.3.28"]
[Round "1"]
[White "SGF"]
[Black "nuage"]
[Result "1-0"]
[WhiteElo "1681"]
[BlackElo "1510"]

1. e4 e5 2. Qf3 Nf6 3. d3 d6 4. Be2 Bg4 5. Qg3 Bxe2 6. Nxe2 g6 7. Bg5 Bg7 8. h4
h6 9. Bxf6 Qxf6 10. Nec3 Nc6 11. Nd5 Qd8 12. O-O Nd4 13. Na3 b5 14. c3 Ne2+ 15.
Kh1 Nxg3+ 16. fxg3 c6 17. Nb4 c5 18. Nd5 O-O 19. Nxb5 Qd7 20. a4 Qg4 21. Kh2
Rab8 22. Rf2 g5 23. Nxd6 gxh4 24. gxh4 Qxh4+ 25. Kg1 Rfd8 26. Nxf7 Rd7 27. Raf1
Rf8 28. Nxe5 Bxe5 29. Rxf8+ Kh7 30. Nf6+ Kg7 31. Rg8+ Kf7 32. Nxd7+ Kxg8 33.
Nxe5 Qg5 34. Nf7 Qe3+ 35. Rf2 Qxd3 36. Nxh6+ Kh7 37. Nf7 Qb1+ 38. Kh2 Qxe4 39.
Ng5+ 1-0

[Event "AUTO-INT-3654"]
[Site "http://www.queenalice.com/game.php?id=1648044"]
[Date "2021.3.28"]
[Round "1"]
[White "nuage"]
[Black "SGF"]
[Result "0-1"]
[WhiteElo "1548"]
[BlackElo "1732"]

1. Nf3 f6 2. g3 b6 3. Bg2 Bb7 4. O-O e5 5. d3 Nc6 6. Nbd2 Nd4 7. e4 Nxf3+ 8.
Nxf3 g5 9. b3 a5 10. c4 h5 11. h4 g4 12. Ne1 Bc5 13. Rb1 Ne7 14. Bh6 Rxh6 15.
Kh2 Ng6 16. f3 d6 17. f4 exf4 18. gxf4 Nxh4 19. d4 Bb4 20. Nc2 d5 21. cxd5 f5
22. e5 Nxg2 23. Kxg2 Qxd5+ 24. Kf2 Qg2+ 25. Ke3 Qe4+ 26. Kf2 Qxf4+ 27. Kg1 Qg3#
0-1

[Event "AUTO-INT-3654"]
[Site "http://www.queenalice.com/game.php?id=1648057"]
[Date "2021.3.28"]
[Round "1"]
[White "jenyasm"]
[Black "nuage"]
[Result "1-0"]
[WhiteElo "1598"]
[BlackElo "1539"]

1. e4 e5 2. Nf3 Nc6 3. Bb5 Nd4 4. Nxd4 exd4 5. d3 Bb4+ 6. Bd2 Bxd2+ 7. Qxd2 c6
8. Bc4 b5 9. Bb3 Nf6 10. O-O O-O 11. Qf4 d6 12. h3 Nh5 13. Qf3 g6 14. e5 dxe5
15. Qxc6 Bd7 16. Qd5 Nf4 17. Qxe5 Ne6 18. Bxe6 fxe6 19. Qxd4 a5 20. Nd2 Qg5 21.
Qg4 Qxd2 22. Rac1 Rf5 23. Qd4 Rd5 24. Qe3 Qxe3 25. fxe3 e5 26. e4 Rd4 27. b3 Be6
28. Rf6 Re8 29. a3 Kg7 30. Rf3 a4 31. b4 h5 32. c3 Rd7 33. c4 bxc4 34. dxc4 Rd4
35. c5 Rd2 36. b5 Rb2 37. b6 g5 38. Rf2 Rb3 39. Rf3 Rxf3 40. gxf3 Bxh3 41. Kf2
Rf8 42. c6 g4 43. Rc3 gxf3 44. Rxf3 Rxf3+ 45. Kxf3 Bg4+ 46. Kg3 Kg6 47. b7 Be6
48. b8=Q 1-0

[Event "AUTO-INT-3654"]
[Site "http://www.queenalice.com/game.php?id=1648058"]
[Date "2021.3.28"]
[Round "1"]
[White "nuage"]
[Black "jenyasm"]
[Result "0-1"]
[WhiteElo "1501"]
[BlackElo "1634"]

1. Nf3 d6 2. d3 e5 3. g3 Nc6 4. Bg2 d5 5. O-O d4 6. Nbd2 Bd6 7. Ne4 Nge7 8. Bg5
O-O 9. Rb1 h6 10. Bxe7 Qxe7 11. c3 Bf5 12. Nxd6 Qxd6 13. b4 a5 14. b5 Ne7 15.
Nh4 Ra7 16. c4 b6 17. Bd5 Be6 18. Bxe6 Qxe6 19. e3 Raa8 20. Re1 Qd7 21. Qf3 Ng6
22. Nf5 Rab8 23. e4 c6 24. a4 cxb5 25. Rxb5 Qb7 26. Reb1 Qa7 27. h4 Rfe8 28. Nd6
Re6 29. c5 Qc7 30. Rxb6 Rxb6 31. Rxb6 f6 32. Qf5 Nf8 33. h5 Qxc5 34. Ra6 Rxd6
35. Ra8 Qc6 36. Rc8 Qd7 37. Qxd7 Rxd7 38. Ra8 Rc7 39. Rxa5 Rc3 40. Rb5 Rxd3 41.
a5 Ra3 42. Rd5 Ne6 43. Rd6 Nc5 44. Rd8+ Kh7 45. Ra8 d3 46. Kf1 Ra1+ 47. Kg2 d2
48. Rd8 d1=Q 49. Rxd1 Rxd1 50. f3 Rd2+ 51. Kh3 Rf2 52. Kg4 g6 53. hxg6+ Kxg6 54.
f4 exf4 55. gxf4 Nxe4 56. a6 Ra2 57. f5+ Kg7 58. Kf4 Nc5 59. a7 Rxa7 60. Kg4 Ra1
61. Kf4 h5 62. Kg3 Ra4 0-1

[Event "AUTO-INT-3654"]
[Site "http://www.queenalice.com/game.php?id=1648067"]
[Date "2021.3.28"]
[Round "1"]
[White "nuage"]
[Black "Doctor"]
[Result "0-1"]
[WhiteElo "1465"]
[BlackElo "1700"]

1. Nf3 e6 2. g3 d5 3. d3 Nc6 4. Bg2 Nf6 5. O-O h6 6. Bf4 Bd6 7. Bxd6 Qxd6 8.
Nbd2 O-O 9. c4 d4 10. Rb1 a5 11. a3 e5 12. Nh4 g5 13. Nhf3 Bf5 14. Qa4 e4 15.
dxe4 Nxe4 16. Rbd1 Nc5 17. Qb5 Na7 18. Qxa5 b6 19. Qb4 Nc6 20. Qb5 Ra5 21. Qxc6
Qxc6 22. b4 Rxa3 23. Ne5 Qf6 24. Nc6 Ne6 25. Nf3 d3 26. e3 Rc3 27. Nfe5 Nd8 28.
f4 Re8 29. e4 Bc8 30. fxg5 Qxg5 31. Nxd8 Rxd8 32. Nxf7 Qe3+ 33. Kh1 Rf8 34.
Nxh6+ Qxh6 35. e5 d2 36. Bd5+ Kh7 37. Be4+ Kg7 38. Rxf8 Rc1 39. Rf6 Rxd1+ 40.
Kg2 Bh3+ 41. Kf3 Rf1+ 42. Ke2 d1=Q# 0-1

[Event "AUTO-INT-3654"]
[Site "http://www.queenalice.com/game.php?id=1648068"]
[Date "2021.3.28"]
[Round "1"]
[White "Doctor"]
[Black "nuage"]
[Result "1-0"]
[WhiteElo "1692"]
[BlackElo "1490"]

1. e4 e5 2. Bc4 Nf6 3. d3 Bc5 4. h3 O-O 5. a3 Nc6 6. Nc3 Nd4 7. Nf3 h6 8. Nxe5
d6 9. Nf3 Nxf3+ 10. Qxf3 b6 11. O-O Nd7 12. Qg3 Qf6 13. Nd5 Qg6 14. Ne7+ Kh7 15.
Nxg6 fxg6 16. Qh4 g5 17. Bxg5 Nf6 18. c3 Bd7 19. b4 d5 20. exd5 Bd6 21. d4 Bf5
22. Rfe1 a5 23. Bxf6 Rxf6 24. Bb5 g5 25. Qh5 Bf4 26. Re8 Bg6 27. Qe2 Rxe8 28.
Bxe8 Bf5 29. Qe7+ 1-0

[Event "AUTO-INT-3662"]
[Site "http://www.queenalice.com/game.php?id=1668006"]
[Date "2021.4.23"]
[Round "1"]
[White "jenyasm"]
[Black "nuage"]
[Result "0-1"]
[WhiteElo "1663"]
[BlackElo "1458"]

1. e4 e5 2. Nf3 Nc6 3. Bb5 Nge7 4. O-O g6 5. d4 Bg7 6. Be3 d6 7. dxe5 O-O 8.
exd6 cxd6 9. c3 Bd7 10. Ng5 a6 11. Bc4 Ne5 12. Bb3 Bb5 13. Re1 Nd3 14. Re2 Bf6
15. Nf3 Qd7 16. Bd4 Nf4 17. Rd2 Qg4 18. Qf1 Bxf1 19. Kxf1 Qxg2+ 0-1

[Event "AUTO-INT-3662"]
[Site "http://www.queenalice.com/game.php?id=1668007"]
[Date "2021.4.23"]
[Round "1"]
[White "nuage"]
[Black "jenyasm"]
[Result "1-0"]
[WhiteElo "1482"]
[BlackElo "1650"]

1. Nf3 d6 2. d3 e5 3. g3 b6 4. Bg2 Bb7 5. O-O h6 6. Nbd2 Nf6 7. c4 c5 8. Rb1
Nbd7 9. a3 Be7 10. Nh4 Bxg2 11. Nxg2 O-O 12. e4 Nh7 13. f4 exf4 14. Nxf4 Bg5 15.
b4 Ne5 16. Nd5 Nf6 17. Nxf6+ Bxf6 18. Bb2 Nd7 19. Qg4 Bg5 20. Rf5 Bxd2 21. Qxg7#
1-0

[Event "AUTO-INT-3662"]
[Site "http://www.queenalice.com/game.php?id=1668024"]
[Date "2021.4.23"]
[Round "1"]
[White "nuage"]
[Black "brumbaz"]
[Result "0-1"]
[WhiteElo "1516"]
[BlackElo "1648"]

1. Nf3 Nc6 2. g3 e5 3. d3 Bc5 4. Bg2 d6 5. O-O Nf6 6. Bg5 d5 7. Nbd2 Nd4 8. Nxe5
O-O 9. c3 Nf5 10. c4 d4 11. Ne4 Qe8 12. Nf3 b6 13. Rb1 Nxe4 14. Bf4 Ne3 15. fxe3
dxe3 16. Ne5 Nd2 17. Bxa8 Bh3 18. Bg2 Qe6 19. b4 Bxg2 20. Kxg2 Bd4 21. Rf3 f6
22. Rc1 fxe5 23. Bxe3 Nxf3 24. Bxd4 exd4 25. exf3 Qe3 26. Qf1 Re8 27. Kh1 Qg5
28. c5 b5 29. f4 Qd5+ 30. Kg1 Qxa2 31. Ra1 Qb3 32. Rxa7 Qxb4 33. Rxc7 Re1 34.
Rc8+ Kf7 35. Rc7+ Ke8 36. Qxe1+ Qxe1+ 37. Kg2 Qd2+ 38. Kh3 Qxd3 39. Rb7 Qc4 40.
Rb8+ Kd7 41. Rb7+ Kc6 42. Rxg7 Qxc5 43. Rxh7 Qf5+ 0-1

[Event "AUTO-INT-3662"]
[Site "http://www.queenalice.com/game.php?id=1668025"]
[Date "2021.4.23"]
[Round "1"]
[White "brumbaz"]
[Black "nuage"]
[Result "1-0"]
[WhiteElo "1616"]
[BlackElo "1528"]

1. e4 e5 2. Bc4 h6 3. Qh5 Qf6 4. d3 Bc5 5. Nf3 g6 6. Qh3 Ne7 7. Ng5 hxg5 8. Qg4
O-O 9. O-O Nbc6 10. Bxg5 d6 11. Qg3 Qg7 12. Bd5 Nxd5 13. exd5 Nd4 14. Nd2 Ne2+
15. Kh1 Nxg3+ 16. fxg3 Bg4 17. Ne4 Bd4 18. Bf6 Qh6 19. Bg5 Qh5 20. Nf6+ Kg7 21.
Nxh5+ Bxh5 22. h3 Be2 23. Bf6+ Kh6 24. Rfe1 Bh5 25. g4 Bf2 26. g5+ Kh7 27. Rf1
Bd4 28. g4 Bxb2 29. Rab1 Bd4 30. Rxb7 Bb6 31. gxh5 gxh5 32. h4 Rae8 33. a4 Ra8
34. Be7 Rfe8 35. Rxf7+ Kg6 36. Rf6+ Kg7 37. Bxd6 e4 38. Bxc7 Bf2 39. Be5+ Kg8
40. Rg6+ Kf8 41. Rbg7 Rxe5 42. Rg8+ Kf7 43. R6g7# 1-0

[Event "AUTO-INT-3662"]
[Site "http://www.queenalice.com/game.php?id=1668026"]
[Date "2021.4.23"]
[Round "1"]
[White "nuage"]
[Black "Doctor"]
[Result "0-1"]
[WhiteElo "1485"]
[BlackElo "1705"]

1. Nf3 e6 2. g3 d5 3. d3 c5 4. Bg2 Nc6 5. O-O Be7 6. Nbd2 Nf6 7. Rb1 e5 8. c4
O-O 9. e3 d4 10. e4 Nb4 11. Nxe5 Nxa2 12. Nb3 Nxc1 13. Nxc1 Bd6 14. Nf3 Bg4 15.
Qe1 Nd7 16. e5 Re8 17. h3 Bxf3 18. Bxf3 Rb8 19. Bd5 Rxe5 20. Qd1 Nf6 21. f4 Re3
22. Kg2 Qd7 23. Rf3 Rbe8 24. Rf2 Nxd5 25. cxd5 Qf5 26. Qg4 Qxd5+ 27. Kh2 h5 28.
Qd1 Re1 29. Qf3 Qf5 30. Qxb7 Rb8 31. Qxa7 Qd5 32. Rg2 h4 33. Qd7 hxg3+ 0-1

[Event "AUTO-INT-3662"]
[Site "http://www.queenalice.com/game.php?id=1668027"]
[Date "2021.4.23"]
[Round "1"]
[White "Doctor"]
[Black "nuage"]
[Result "1-0"]
[WhiteElo "1682"]
[BlackElo "1493"]

1. e4 e5 2. Bc4 h6 3. d3 Nf6 4. Qf3 d6 5. h3 Nc6 6. c3 Na5 7. Na3 Nxc4 8. dxc4
Be6 9. Bd2 c6 10. Ne2 Qb6 11. Rb1 Be7 12. Be3 c5 13. Ng3 O-O 14. Nh5 Nh7 15. Qg3
g6 16. Bxh6 Rfe8 17. Ng7 Bf8 18. Nxe8 Bxh6 19. Qh4 Rxe8 20. Qxh6 Qa6 21. Nb5 Qa4
22. b3 Qa5 23. O-O a6 24. Nxd6 Rd8 25. Nxb7 Qxc3 26. Nxd8 Bd7 27. Rfd1 Qa5 28.
Rxd7 Qxa2 29. Rbd1 Qxb3 30. Nxf7 Qxc4 31. Nxe5 Qxe4 32. Qg7# 1-0